<?xml version="1.0" encoding="UTF-8"?><?xml-stylesheet type="text/xsl" href="static/style.xsl"?><OAI-PMH xmlns="http://www.openarchives.org/OAI/2.0/" xmlns:xsi="http://www.w3.org/2001/XMLSchema-instance" xsi:schemaLocation="http://www.openarchives.org/OAI/2.0/ http://www.openarchives.org/OAI/2.0/OAI-PMH.xsd"><responseDate>2026-04-13T22:44:36Z</responseDate><request verb="GetRecord" identifier="oai:www.recercat.cat:20.500.12328/5170" metadataPrefix="marc">https://recercat.cat/oai/request</request><GetRecord><record><header><identifier>oai:recercat.cat:20.500.12328/5170</identifier><datestamp>2026-01-14T23:31:22Z</datestamp><setSpec>com_2072_67741</setSpec><setSpec>col_2072_484352</setSpec></header><metadata><record xmlns="http://www.loc.gov/MARC21/slim" xmlns:dcterms="http://purl.org/dc/terms/" xmlns:xsi="http://www.w3.org/2001/XMLSchema-instance" xmlns:doc="http://www.lyncode.com/xoai" xsi:schemaLocation="http://www.loc.gov/MARC21/slim http://www.loc.gov/standards/marcxml/schema/MARC21slim.xsd">
   <leader>00925njm 22002777a 4500</leader>
   <datafield ind2=" " ind1=" " tag="042">
      <subfield code="a">dc</subfield>
   </datafield>
   <datafield ind2=" " ind1=" " tag="720">
      <subfield code="a">howes, christina</subfield>
      <subfield code="e">author</subfield>
   </datafield>
   <datafield ind2=" " ind1=" " tag="260">
      <subfield code="c">2025-12-31</subfield>
   </datafield>
   <datafield ind2=" " ind1=" " tag="520">
      <subfield code="a">This   article   examines   Richard   Flanagan’s   Question   7   (2023)   as   a   transformative   work   of   postmemorial   literature   that   fuses   personal,   historical,   and   ecological   trauma   within   a   metamodern   framework.   Drawing  on  the  theories  of  Marianne  Hirsch,  Martin  Heidegger,  and  Charlene Spretnak, the analysis traces how the novel expands postmemory beyond  familial  inheritance  to  encompass  planetary  crisis  and  ecological  interconnectedness.    Through    narrative    fragmentation,    ethical    self-reflection,  and  a  poetics  of  care,  Flanagan’s  text  models  a  reconstructive  metamodernism that resists nihilism and affirms the profound communion of all life. Ultimately, Question 7 offers an ethics of love and responsibility, inviting readers to dwell authentically and respond to contemporary crises with renewed relationality and hope.</subfield>
   </datafield>
   <datafield ind1="8" ind2=" " tag="024">
      <subfield code="a">Howes, Christin Angela. From war memory to planetary consciousness: ecological postmemory and reconstructive metamodernism in Richard Flanagan’s Question 7. The Grove. Working Papers on English Studies. 2025, 32, e9768. Disponible en &lt;https://revistaselectronicas.ujaen.es/index.php/grove/article/view/9768>. Fecha de acceso: 13 ene. 2026. DOI:  https://doi.org/10.17561/grove.v32.9768</subfield>
   </datafield>
   <datafield ind1="8" ind2=" " tag="024">
      <subfield code="a">1137-005X</subfield>
   </datafield>
   <datafield ind1="8" ind2=" " tag="024">
      <subfield code="a">http://hdl.handle.net/20.500.12328/5170</subfield>
   </datafield>
   <datafield ind1="8" ind2=" " tag="024">
      <subfield code="a">https://dx.doi.org/10.17561/grove.v32.9768</subfield>
   </datafield>
   <datafield tag="653" ind2=" " ind1=" ">
      <subfield code="a">Richard Flanagan</subfield>
   </datafield>
   <datafield tag="653" ind2=" " ind1=" ">
      <subfield code="a">Postmemory</subfield>
   </datafield>
   <datafield tag="653" ind2=" " ind1=" ">
      <subfield code="a">Metamodernism</subfield>
   </datafield>
   <datafield tag="653" ind2=" " ind1=" ">
      <subfield code="a">Ecological ethics</subfield>
   </datafield>
   <datafield tag="653" ind2=" " ind1=" ">
      <subfield code="a">Trauma</subfield>
   </datafield>
   <datafield tag="653" ind2=" " ind1=" ">
      <subfield code="a">Reconstructive postmodernism</subfield>
   </datafield>
   <datafield tag="653" ind2=" " ind1=" ">
      <subfield code="a">Postmemoria</subfield>
   </datafield>
   <datafield tag="653" ind2=" " ind1=" ">
      <subfield code="a">Metamodernismo</subfield>
   </datafield>
   <datafield tag="653" ind2=" " ind1=" ">
      <subfield code="a">Ética ecológica</subfield>
   </datafield>
   <datafield tag="653" ind2=" " ind1=" ">
      <subfield code="a">Trauma</subfield>
   </datafield>
   <datafield tag="653" ind2=" " ind1=" ">
      <subfield code="a">Postmodernismo reconstructivo</subfield>
   </datafield>
   <datafield tag="653" ind2=" " ind1=" ">
      <subfield code="a">Postmemòria</subfield>
   </datafield>
   <datafield tag="653" ind2=" " ind1=" ">
      <subfield code="a">Ètica ecològica</subfield>
   </datafield>
   <datafield tag="653" ind2=" " ind1=" ">
      <subfield code="a">Postmodernisme reconstructiu</subfield>
   </datafield>
   <datafield ind2="0" ind1="0" tag="245">
      <subfield code="a">From war memory to planetary consciousness: ecological postmemory and reconstructive metamodernism in Richard Flanagan’s Question 7</subfield>
   </datafield>
</record></metadata></record></GetRecord></OAI-PMH>